000 00665nam a22002057a 4500
005 20240530110442.0
008 150328s2010 ua g 000 0 ara d
017 _a2010/14616
_bمصر . دار الكتب المصرية
020 _a9789770928944
040 _aEG-CaGPL
082 0 4 _221
_a818.03\
_bخ م
100 0 _aخالد زيادة
245 1 0 _aمدينة على المتوسط :
_bثلاثية /
_cخالد زيادة
250 _aط3.
260 _aالقاهرة :
_bدار الشروق ،
_c2010
300 _a371 ص ؛
_c20 سم .
650 0 4 _aالقصص العربية
942 _2ddc
_cBK
999 _c61078
_d61078